International Business
Salvato in:
| Autore principale: | |
|---|---|
| Altri autori: | , |
| Natura: | Libro |
| Lingua: | inglese |
| Pubblicazione: |
Chicago
Dryden Press
1989
|
| Edizione: | 1. ed. |
| Soggetti: | |
| Tags: |
Nessun Tag, puoi essere il primo ad aggiungerne!!
|
MARC
| LEADER | 00000nam a2200000 4500 | ||
|---|---|---|---|
| 001 | c004842 | ||
| 005 | 20221206131358.8 | ||
| 020 | |a 0-03-014533-3 | ||
| 041 | 0 | |a eng | |
| 044 | |a US | ||
| 245 | 1 | 0 | |a International Business |c Michael R. Czinkota, Pietra Rivoli, Ilkka A. Ronkainen |
| 250 | |a 1. ed. | ||
| 264 | 1 | |a Chicago |b Dryden Press |c 1989 | |
| 300 | |a 736 s. | ||
| 610 | 2 | 0 | |a obchod medzinárodný |
| 610 | 2 | 0 | |a podnik medzinárodný |
| 610 | 2 | 0 | |a systém menový medzinárodný |
| 610 | 2 | 0 | |a trh finančný |
| 610 | 2 | 0 | |a investície zahraničné |
| 610 | 2 | 0 | |a spoločnosti nadnárodné |
| 610 | 2 | 0 | |a služby |
| 610 | 2 | 0 | |a logistika |
| 610 | 2 | 0 | |a marketing |
| 610 | 2 | 0 | |a financie medzinárodné |
| 610 | 2 | 0 | |a účtovníctvo |
| 610 | 2 | 0 | |a práca personálna |
| 610 | 2 | 0 | |a operácie obchodné |
| 100 | 1 | |a Czinkota, Michael R. | |
| 700 | 1 | |a Rivoli, Pietra | |
| 700 | 1 | |a Ronkainen, Ilkka A. | |